[Event "VI Weekend"]
[Site "Castelfidardo ITA"]
[Date "2002.10.27"]
[Round "6"]
[White "Voicu, Joan Paul"]
[Black "Padovani, Alessio"]
[Result "0-1"]
[WhiteElo "1614"]
[BlackElo "1635"]
[PlyCount "126"]
[EventDate "2002.10.19"]

1. e4 e5 2. Nf3 Nc6 3. Bb5 a6 4. Bxc6 dxc6 5. O-O f6 6. d4 exd4 7. Nxd4 Ne7 8.
Nc3 Ng6 9. Be3 Bd6 10. Qe2 Qe7 11. f3 Bd7 12. Rfd1 h5 13. a3 h4 14. b4 Qe5 15.
h3 Nf4 16. Qd2 Nh5 17. f4 Nxf4 18. Rf1 Ng6 19. Nf3 Qe7 20. Rad1 Ne5 21. Nxe5
Bxe5 22. Na4 b6 23. c4 c5 24. Nc3 cxb4 25. Nd5 Qf7 26. axb4 Be6 27. Bd4 Bxd4+
28. Qxd4 Bxd5 29. cxd5 Qe7 30. Rf5 a5 31. d6 Qxd6 32. Rd5 Qc6 33. Rd8+ Kf7 34.
Rd7+ Kg6 35. e5 f5 36. e6 Rag8 37. Re1 axb4 38. Rd5 Qc3 39. Qf2 Qf6 40. Ree5
Rh5 41. e7 Re8 42. Qe2 Qf7 43. Qb5 Rxe7 44. Qc6+ Qf6 45. Qxf6+ Kxf6 46. Rxe7
Kxe7 47. Rb5 Kd6 48. Rxb4 Rh6 49. Kf2 g5 50. Rb5 Rf6 51. Ke3 Kc6 52. Re5 b5 53.
Kd3 Kb6 54. Kc3 c5 55. Kb3 Kc6 56. Kc3 Kd6 57. Re1 Re6 58. Rd1+ Kc6 59. Rd8
Re3+ 60. Kd2 Rg3 61. Rc8+ Kb6 62. Rf8 f4 63. Rf6+ Ka5 0-1

[Event "XV Weekend A"]
[Site "Cocquio-Trevisago ITA"]
[Date "2002.10.19"]
[Round "1"]
[White "Brioschi, Camillo"]
[Black "D'Aulisa, Francesco"]
[Result "0-1"]
[WhiteElo "1741"]
[BlackElo "1504"]
[PlyCount "32"]
[EventDate "2002.10.19"]

1. Nf3 e6 2. c4 d6 3. Nc3 Nd7 4. d4 Ne7 5. Bg5 h6 6. Bh4 b6 7. e4 Bb7 8. Bd3 a6
9. Qd2 g5 10. Bg3 Bg7 11. Bc2 Ng6 12. O-O-O e5 13. h3 Qe7 14. Nd5 Bxd5 15. exd5
e4 16. Bxe4 O-O 0-1

[Event "XV Weekend A"]
[Site "Cocquio-Trevisago ITA"]
[Date "2002.10.19"]
[Round "1"]
[White "Cazzaniga, Walter"]
[Black "Bernasconi, Fabio"]
[Result "1/2-1/2"]
[WhiteElo "2094"]
[BlackElo "1594"]
[PlyCount "65"]
[EventDate "2002.10.19"]

1. d4 Nf6 2. c4 g6 3. Nc3 d5 4. Nf3 Bg7 5. Qb3 dxc4 6. Qxc4 O-O 7. e4 a6 8. e5
b5 9. Qb3 Be6 10. Qc2 Nd5 11. a3 Nd7 12. Be2 Bf5 13. Qb3 Nxc3 14. bxc3 c5 15.
Be3 cxd4 16. cxd4 Bg4 17. O-O e6 18. h3 Bf5 19. Bg5 Qb6 20. Qe3 Rfc8 21. g4 Bc2
22. Bh6 Rc7 23. Bxg7 Kxg7 24. Bd1 Rac8 25. Bxc2 Rxc2 26. Rfc1 Qc6 27. Rxc2 Qxc2
28. Ng5 Qc3 29. Rf1 h6 30. Ne4 Qxe3 31. fxe3 Rc7 32. Kg2 Nb6 33. Kf3 1/2-1/2

[Event "XV Weekend A"]
[Site "Cocquio-Trevisago ITA"]
[Date "2002.10.19"]
[Round "1"]
[White "Della Rocca, Luigi"]
[Black "Giordani, Marco"]
[Result "0-1"]
[WhiteElo "1645"]
[BlackElo "2097"]
[PlyCount "110"]
[EventDate "2002.10.19"]

1. e4 Nf6 2. Nc3 d5 3. exd5 Nxd5 4. Nxd5 Qxd5 5. d4 Nc6 6. c3 e5 7. Be3 exd4 8.
Bxd4 Nxd4 9. Qxd4 Qxd4 10. cxd4 Bb4+ 11. Kd1 Be6 12. Kc2 O-O-O 13. Nf3 Bd5 14.
Ne5 Rhe8 15. f3 c5 16. Nd3 b6 17. a3 Ba5 18. dxc5 bxc5 19. Nxc5 Bc6 20. Ba6+
Kc7 21. Rad1 Bb6 22. Rxd8 Rxd8 23. Ne4 h6 24. Bc4 f5 25. Nc3 h5 26. Re1 Bd4 27.
Re7+ Kd6 28. Re2 Be5 29. Rd2+ Ke7 30. Rxd8 Kxd8 31. h3 Ke7 32. Kd3 Kf6 33. b3
Bxc3 34. Kxc3 Kg5 35. Bf1 Kf4 36. Kd2 Kg3 37. Ke3 g5 38. b4 h4 39. b5 Bb7 40.
a4 Bc8 41. a5 Bb7 42. b6 axb6 43. axb6 Bc6 44. Ke2 Bb7 45. Ke1 Bc6 46. Bb5 Bb7
47. Kf1 g4 48. hxg4 fxg4 49. Be2 h3 50. gxh3 gxh3 51. Kg1 h2+ 52. Kh1 Bc6 53.
Bd1 Bb7 54. Be2 Bc8 55. Bd3 Bh3 0-1

[Event "XV Weekend A"]
[Site "Cocquio-Trevisago ITA"]
[Date "2002.10.19"]
[Round "1"]
[White "Mazzella, Luigi"]
[Black "Centofante, Maria Rosa"]
[Result "1-0"]
[WhiteElo "1921"]
[BlackElo "1543"]
[PlyCount "65"]
[EventDate "2002.10.19"]

1. e4 d5 2. exd5 Qxd5 3. Nc3 Qa5 4. Nf3 Nf6 5. d4 Bg4 6. Bd2 Qb6 7. Na4 Qd6 8.
Be2 c6 9. c3 e6 10. Nc5 Qc7 11. Nd3 Bd6 12. Nde5 Bxf3 13. Nxf3 Nbd7 14. Qc2 h6
15. h3 a6 16. c4 c5 17. Be3 cxd4 18. Bxd4 e5 19. Bc3 O-O 20. O-O e4 21. Nd4
Rfe8 22. Nf5 Bc5 23. b4 Ba7 24. c5 Ne5 25. Rad1 Re6 26. Qb2 Ned7 27. Bc4 Ree8
28. Nxh6+ gxh6 29. Bxf6 Ne5 30. Bxe5 Rxe5 31. Rd6 Rh5 32. Qf6 Rf8 33. Qg6+ 1-0

[Event "XV Weekend A"]
[Site "Cocquio-Trevisago ITA"]
[Date "2002.10.19"]
[Round "1"]
[White "Pedetti, Roberto"]
[Black "Rovatti, Paolo"]
[Result "1-0"]
[WhiteElo "1488"]
[BlackElo "1992"]
[PlyCount "101"]
[EventDate "2002.10.19"]

1. c4 c5 2. Nc3 Nf6 3. g3 e6 4. e4 d6 5. Bg2 Nbd7 6. Nge2 g6 7. Rb1 Bg7 8. b4
a6 9. O-O Qc7 10. d3 O-O 11. Bd2 Rb8 12. a4 cxb4 13. Rxb4 Nc5 14. d4 Nd3 15.
Qb3 Nxb4 16. Qxb4 b6 17. d5 exd5 18. cxd5 Nd7 19. Nd4 Ne5 20. Qa3 Nc4 21. Ndb5
axb5 22. Nxb5 Nxa3 23. Nxc7 Bd7 24. Bb4 Nc2 25. Bxd6 Bxa4 26. Bxf8 Bxf8 27. e5
Bg7 28. f4 Ne3 29. Ra1 b5 30. Bf3 g5 31. Kf2 gxf4 32. gxf4 Nc2 33. Ra2 Nd4 34.
Be4 f5 35. Ke3 fxe4 36. Kxd4 Bb3 37. Rb2 Ba4 38. Kxe4 Bf8 39. d6 b4 40. f5 Bc6+
41. Kd4 Bh6 42. Kc5 Be4 43. f6 b3 44. Nb5 Bf4 45. e6 Be3+ 46. Kc4 Bf5 47. Rg2+
Bg6 48. Rb2 Bf5 49. Rg2+ Bg6 50. d7 Bb6 51. e7 1-0

[Event "XV Weekend A"]
[Site "Cocquio-Trevisago ITA"]
[Date "2002.10.19"]
[Round "1"]
[White "Pepa, Syrja"]
[Black "Di Stefano, Claudio"]
[Result "1-0"]
[WhiteElo "1684"]
[BlackElo "1495"]
[PlyCount "87"]
[EventDate "2002.10.19"]

1. e4 c5 2. Nf3 d6 3. d4 cxd4 4. Nxd4 Bd7 5. Nc3 g6 6. Bc4 Bg7 7. Be3 Nf6 8. h3
Nc6 9. Qd2 O-O 10. O-O Qc8 11. Be2 Ne5 12. Nd5 Nxd5 13. exd5 Nc4 14. Qc1 Nxe3
15. fxe3 Bxd4 16. exd4 Bf5 17. c4 b6 18. Qd2 Qb7 19. Qh6 Bd7 20. Rf4 f5 21. Rh4
Rf7 22. Rf4 b5 23. c5 dxc5 24. dxc5 Qxd5 25. b4 e5 26. Rff1 Bc6 27. Qg5 Qe4 28.
Rae1 Qxb4 29. Rc1 Qb2 30. Rfe1 Qxa2 31. h4 Qe6 32. Rcd1 Qf6 33. Qh6 Rd7 34.
Rxd7 Bxd7 35. Rd1 Rd8 36. Rd6 Qg7 37. Qd2 e4 38. c6 Qa1+ 39. Bf1 e3 40. Qxe3
Re8 41. cxd7 Rxe3 42. d8=Q+ Kg7 43. Rd7+ Kh6 44. Qg5# 1-0

[Event "XV Weekend A"]
[Site "Cocquio-Trevisago ITA"]
[Date "2002.10.19"]
[Round "1"]
[White "Piazza, Angelo"]
[Black "Bertrecchi, Corrado"]
[Result "1-0"]
[WhiteElo "1656"]
[BlackElo "1398"]
[PlyCount "91"]
[EventDate "2002.10.19"]

1. b3 Nf6 2. Nf3 d5 3. Bb2 c5 4. e3 Bg4 5. Be2 Nc6 6. Ne5 Nxe5 7. Bxe5 Bxe2 8.
Qxe2 Nd7 9. Bb2 e6 10. O-O a6 11. c4 Nf6 12. cxd5 Nxd5 13. Nc3 Nf6 14. Rad1 Qc7
15. d4 Rd8 16. Na4 Bd6 17. dxc5 Bxh2+ 18. Kh1 Rxd1 19. Rxd1 Be5 20. Ba3 Ne4 21.
Kg1 Qc6 22. Qd3 O-O 23. Qd7 Nf6 24. Qxc6 bxc6 25. Nb6 Bc7 26. Nd7 Rd8 27. Nxf6+
gxf6 28. Rxd8+ Bxd8 29. Kf1 Be7 30. Ke2 Kf8 31. Kd3 Ke8 32. Kc4 Kd7 33. Kb4 Kc7
34. g4 h6 35. Kc4 e5 36. Bb4 Kb7 37. Kd3 Kc8 38. Ke4 Kd7 39. Kf5 Ke8 40. Bc3
Bxc5 41. Kxf6 Bd6 42. Bxe5 Bxe5+ 43. Kxe5 Ke7 44. f4 f6+ 45. Kf5 Kf7 46. b4 1-0

[Event "XV Weekend A"]
[Site "Cocquio-Trevisago ITA"]
[Date "2002.10.19"]
[Round "1"]
[White "Schingaro, Angelo"]
[Black "Bozzali, Ermanno"]
[Result "1/2-1/2"]
[WhiteElo "1588"]
[BlackElo "2135"]
[PlyCount "61"]
[EventDate "2002.10.19"]

1. Nf3 c5 2. b3 e6 3. Bb2 Nf6 4. e3 b6 5. c4 Bb7 6. Be2 Be7 7. Nc3 O-O 8. O-O
d6 9. d4 Nbd7 10. Qc2 a6 11. Rad1 Qc7 12. h3 Rac8 13. Qb1 Rfe8 14. Ng5 h6 15.
Nge4 Nxe4 16. Nxe4 d5 17. cxd5 exd5 18. Nd2 Bg5 19. Nf3 Bf6 20. Rc1 Qd6 21.
Rfd1 g6 22. dxc5 bxc5 23. Bxf6 Nxf6 24. Qb2 Qe6 25. Rd2 Ne4 26. Rdc2 f5 27. Bf1
Qe7 28. Qa3 Qd6 29. Ne1 d4 30. exd4 Qxd4 31. Nd3 1/2-1/2

[Event "XV Weekend A"]
[Site "Cocquio-Trevisago ITA"]
[Date "2002.10.19"]
[Round "1"]
[White "Schneiders, Albert"]
[Black "De Francisci, Lorenzo"]
[Result "1-0"]
[WhiteElo "2230"]
[BlackElo "1654"]
[PlyCount "33"]
[EventDate "2002.10.19"]

1. d4 d5 2. c4 dxc4 3. e4 c5 4. d5 e5 5. Bxc4 a6 6. a4 Bd6 7. Nc3 Nf6 8. Nf3
Bg4 9. O-O O-O 10. Be2 Nbd7 11. Nd2 Bxe2 12. Qxe2 Nb6 13. a5 Nbd7 14. Nc4 Rc8
15. Nxd6 Rb8 16. Nc4 Re8 17. f4 1-0

[Event "XV Weekend A"]
[Site "Cocquio-Trevisago ITA"]
[Date "2002.10.19"]
[Round "1"]
[White "Taglione, Giuseppe"]
[Black "Cardani, Roberto"]
[Result "0-1"]
[WhiteElo "1500"]
[BlackElo "1722"]
[PlyCount "98"]
[EventDate "2002.10.19"]

1. c4 Nf6 2. Nc3 g6 3. d4 Bg7 4. Nf3 O-O 5. e3 d6 6. h3 Nbd7 7. Be2 e5 8. d5 a5
9. b3 Nc5 10. Ba3 Nfd7 11. e4 f5 12. Bd3 Nf6 13. Bxc5 dxc5 14. O-O Ne8 15. Qd2
f4 16. Nh2 g5 17. Be2 Nd6 18. Bh5 Ne8 19. Qe2 Nf6 20. Rad1 Nxh5 21. Qxh5 Bd7
22. Qe2 Rf6 23. Ng4 Rg6 24. Nh2 Bf8 25. Rd3 Bd6 26. Nb5 Qe7 27. Nxd6 cxd6 28.
f3 h5 29. Rf2 Kh8 30. Kf1 Rag8 31. Ke1 R8g7 32. Kd1 g4 33. fxg4 hxg4 34. hxg4
Bxg4 35. Nxg4 Rxg4 36. Rd2 Qg5 37. Kc2 Rg3 38. Qe1 Re3 39. Rfe2 Qg6 40. Qh1+
Rh7 41. Qf1 Rxe4 42. Kb2 Rxe2 43. Rxe2 Qg3 44. Rc2 e4 45. Rf2 Rf7 46. Kc2 Kg7
47. Qe2 e3 48. Rf3 Qg6+ 49. Kd1 Qb1# 0-1

[Event "XV Weekend A"]
[Site "Cocquio-Trevisago ITA"]
[Date "2002.10.19"]
[Round "1"]
[White "Travaini, Gianfranco"]
[Black "Strada, Stefano"]
[Result "0-1"]
[WhiteElo "1510"]
[BlackElo "1791"]
[PlyCount "124"]
[EventDate "2002.10.19"]

1. e4 e6 2. d4 b6 3. Nf3 Bb7 4. Bd3 Nf6 5. Nbd2 d5 6. e5 Ne4 7. Qe2 Nxd2 8.
Bxd2 Nd7 9. Ng5 h6 10. Qh5 Qe7 11. a3 Rg8 12. Nh7 g6 13. Qf3 Bg7 14. Bb5 c6 15.
Ba4 Rh8 16. Nf6+ Nxf6 17. exf6 Qxf6 18. Qxf6 Bxf6 19. c3 Kf8 20. f4 Kg7 21.
O-O-O c5 22. Be3 Rac8 23. h4 h5 24. g3 Rc7 25. b4 cxb4 26. axb4 Rxc3+ 27. Kd2
Rhc8 28. Rc1 Rxc1 29. Rxc1 Rxc1 30. Kxc1 Be7 31. Bd2 Ba6 32. b5 Bc8 33. Bc2 Bd7
34. Bd3 f6 35. Kd1 Kh6 36. f5+ g5 37. hxg5+ fxg5 38. fxe6 Bxe6 39. Ke2 Bf6 40.
Be3 Kg7 41. Kf2 Be7 42. Be2 Kg6 43. Bd3+ Bf5 44. Be2 Be4 45. g4 hxg4 46. Bxg4
Bf5 47. Be2 g4 48. Kg3 Bd7 49. Bf2 Bf6 50. Be3 Kh5 51. Kg2 Bf5 52. Kg3 Bh4+ 53.
Kh2 Be1 54. Kg2 Kh4 55. Kf1 Bg3 56. Kg1 Be4 57. Bf1 Be1 58. Bf2+ Bxf2+ 59. Kxf2
g3+ 60. Kg1 Kg4 61. Be2+ Kf4 62. Kf1 Ke3 0-1

[Event "XV Weekend A"]
[Site "Cocquio-Trevisago ITA"]
[Date "2002.10.20"]
[Round "2"]
[White "Bernasconi, Fabio"]
[Black "Schingaro, Angelo"]
[Result "1/2-1/2"]
[WhiteElo "1594"]
[BlackElo "1588"]
[PlyCount "40"]
[EventDate "2002.10.19"]

1. d4 Nf6 2. c4 e6 3. a3 d5 4. Nc3 Be7 5. Nf3 c6 6. e3 Nbd7 7. Bd3 b6 8. O-O
O-O 9. h3 Bb7 10. cxd5 cxd5 11. b4 Ne4 12. Bb2 Rc8 13. Rc1 Ndf6 14. Qa4 Nxc3
15. Bxc3 Ra8 16. Rc2 a6 17. Rfc1 b5 18. Qb3 Rc8 19. Ne5 Nd7 20. Nxd7 Qxd7
1/2-1/2

[Event "XV Weekend A"]
[Site "Cocquio-Trevisago ITA"]
[Date "2002.10.20"]
[Round "2"]
[White "Bertrecchi, Corrado"]
[Black "Brioschi, Camillo"]
[Result "0-1"]
[WhiteElo "1398"]
[BlackElo "1741"]
[PlyCount "38"]
[EventDate "2002.10.19"]

1. Nf3 Nf6 2. b3 g6 3. Bb2 Bg7 4. c4 c5 5. e3 O-O 6. Be2 Nc6 7. O-O d6 8. Re1
e5 9. d3 Re8 10. Bc3 d5 11. cxd5 Nxd5 12. Bb2 e4 13. Bxg7 exf3 14. Bxf3 Kxg7
15. a3 Be6 16. Qc2 Ne5 17. Be2 Rc8 18. Qb2 Qf6 19. Nd2 Nf3+ 0-1

[Event "XV Weekend A"]
[Site "Cocquio-Trevisago ITA"]
[Date "2002.10.20"]
[Round "2"]
[White "Bozzali, Ermanno"]
[Black "Cazzaniga, Walter"]
[Result "0-1"]
[WhiteElo "2135"]
[BlackElo "2094"]
[PlyCount "97"]
[EventDate "2002.10.19"]

1. e4 e6 2. d4 d5 3. Nc3 Bb4 4. e5 c5 5. a3 Bxc3+ 6. bxc3 Ne7 7. Nf3 Nbc6 8. a4
Qa5 9. Bd2 Bd7 10. Be2 f6 11. O-O O-O-O 12. c4 Qc7 13. cxd5 Nxd5 14. c4 Nde7
15. exf6 gxf6 16. dxc5 e5 17. g3 Nf5 18. a5 a6 19. Qb1 Ncd4 20. Nxd4 Nxd4 21.
Bd1 Bc6 22. Be3 Qd7 23. Bxd4 Qh3 24. f3 Rxd4 25. Ra2 Rhd8 26. Raf2 Kb8 27. Bc2
h6 28. Be4 Qd7 29. Qb6 Rc8 30. Rb2 Bxe4 31. fxe4 Rc6 32. Qb4 Qc7 33. Rbf2 Rxc5
34. Rxf6 Rdxc4 35. Qd2 Qxa5 36. Qxh6 Rc2 37. Qf8+ Ka7 38. Qd6 Rc6 39. Qd5 Qb6+
40. R6f2 R6c3 41. Qd1 Qc5 42. Qd5 Qxd5 43. exd5 Rxf2 44. Rxf2 Rd3 45. Kg2 Rxd5
46. h4 b5 47. g4 a5 48. h5 b4 49. h6 0-1

[Event "XV Weekend A"]
[Site "Cocquio-Trevisago ITA"]
[Date "2002.10.20"]
[Round "2"]
[White "Cardani, Roberto"]
[Black "Mazzella, Luigi"]
[Result "0-1"]
[WhiteElo "1722"]
[BlackElo "1921"]
[PlyCount "64"]
[EventDate "2002.10.19"]

1. e4 c5 2. c3 Nf6 3. e5 Nd5 4. d4 cxd4 5. Nf3 e6 6. cxd4 Bb4+ 7. Bd2 Bxd2+ 8.
Qxd2 Nc6 9. Nc3 Nde7 10. Nb5 O-O 11. Bd3 h6 12. g4 Qa5 13. Qxa5 Nxa5 14. O-O b6
15. b4 Nac6 16. Be4 Ba6 17. a4 Rab8 18. Rfc1 Rfd8 19. Nc7 Be2 20. b5 Bxf3 21.
Bxf3 Nxd4 22. Bd1 Rbc8 23. Rc4 Ndc6 24. Nxe6 dxe6 25. bxc6 Rxc6 26. Re4 Rd2 27.
Bb3 Rc3 28. Bc4 Nd5 29. a5 Rcc2 30. axb6 axb6 31. Bb3 Rb2 32. Rf4 Rxb3 0-1

[Event "XV Weekend A"]
[Site "Cocquio-Trevisago ITA"]
[Date "2002.10.20"]
[Round "2"]
[White "D'Aulisa, Francesco"]
[Black "Schneiders, Albert"]
[Result "0-1"]
[WhiteElo "1504"]
[BlackElo "2230"]
[PlyCount "72"]
[EventDate "2002.10.19"]

1. e4 d5 2. e5 c5 3. Bb5+ Nc6 4. Nf3 Bg4 5. h3 Bh5 6. Nc3 e6 7. g4 Bg6 8. d4 a6
9. Bxc6+ bxc6 10. O-O cxd4 11. Nxd4 c5 12. Nf3 Ne7 13. Bg5 h6 14. Bh4 Qc7 15.
Qe2 Nc6 16. Bg3 Be7 17. Nh2 Nd4 18. Qd2 h5 19. Ne2 hxg4 20. hxg4 Rxh2 21. Nxd4
Rh3 22. Ne2 Rh8 23. Kg2 Qb7 24. b3 Qb4 25. Qxb4 cxb4 26. Rac1 Rc8 27. Nd4 Rc3
28. Ne2 Rc7 29. Rfe1 Bg5 30. f4 Be4+ 31. Kf2 Be7 32. Nd4 Bc5 33. Ke3 Rh3 34.
Rg1 Bb6 35. c4 bxc3 36. f5 c2 0-1

[Event "XV Weekend A"]
[Site "Cocquio-Trevisago ITA"]
[Date "2002.10.20"]
[Round "2"]
[White "De Francisci, Lorenzo"]
[Black "Taglione, Giuseppe"]
[Result "1-0"]
[WhiteElo "1654"]
[BlackElo "1500"]
[PlyCount "81"]
[EventDate "2002.10.19"]

1. e4 e5 2. Nf3 d6 3. d4 Bg4 4. dxe5 Bxf3 5. Qxf3 dxe5 6. Bc4 Nf6 7. Be3 Bd6 8.
Nc3 Nbd7 9. O-O-O a6 10. Nd5 Nxd5 11. Bxd5 Qf6 12. Qxf6 Nxf6 13. Bxb7 Rb8 14.
Bc6+ Ke7 15. Rd3 Nd7 16. Bxd7 Kxd7 17. Rhd1 Rhd8 18. Ra3 Ra8 19. Ra5 Ke6 20. c4
Be7 21. Rxd8 Bxd8 22. Kc2 c6 23. Ra3 f6 24. c5 Kd7 25. Kc3 g6 26. g4 Bc7 27.
Bd2 Bd8 28. Rb3 Kc8 29. Kc4 Rb8 30. Bh6 Rxb3 31. Kxb3 g5 32. Kc4 Kb7 33. b4 Be7
34. Bg7 Kc7 35. a4 Kd7 36. b5 cxb5+ 37. axb5 axb5+ 38. Kxb5 Kc7 39. c6 Kb8 40.
Kb6 Kc8 41. c7 1-0

[Event "XV Weekend A"]
[Site "Cocquio-Trevisago ITA"]
[Date "2002.10.20"]
[Round "2"]
[White "Di Stefano, Claudio"]
[Black "Travaini, Gianfranco"]
[Result "1-0"]
[WhiteElo "1495"]
[BlackElo "1510"]
[PlyCount "97"]
[EventDate "2002.10.19"]

1. d4 Nf6 2. c4 e6 3. Nf3 g6 4. Bg5 Bg7 5. e4 c6 6. e5 Qa5+ 7. Bd2 Qb6 8. exf6
Bxf6 9. c5 Qc7 10. Qc1 b6 11. Bf4 Qd8 12. Bd6 Ba6 13. Bxa6 Nxa6 14. Qc4 Nc7 15.
Nc3 Be7 16. Ne4 Nb5 17. Bxe7 Qxe7 18. a4 Nc7 19. Nd6+ Kf8 20. O-O Kg7 21. Ne5
Rhf8 22. Rfe1 Nd5 23. Qd3 Rad8 24. Qh3 Qg5 25. Re4 Nf4 26. Qf3 Nd5 27. Ndxf7
Qe7 28. Qh3 Rxf7 29. Nxf7 Qxf7 30. Rh4 Kh8 31. Qg3 Rf8 32. Re1 Qf6 33. Re5 bxc5
34. dxc5 Nf4 35. Re1 Nd3 36. Re2 Nxc5 37. Rd2 Qf5 38. h3 Ne4 39. Rxd7 h5 40.
Qe3 Qxf2+ 41. Qxf2 Nxf2 42. g4 Rf4 43. Kg2 Ne4 44. Rxa7 c5 45. Re7 Ng5 46. a5
Ra4 47. a6 Rxa6 48. gxh5 gxh5 49. Rxh5+ 1-0

[Event "XV Weekend A"]
[Site "Cocquio-Trevisago ITA"]
[Date "2002.10.20"]
[Round "2"]
[White "Florio, Italo"]
[Black "Piazza, Angelo"]
[Result "0-1"]
[WhiteElo "1290"]
[BlackElo "1656"]
[PlyCount "84"]
[EventDate "2002.10.19"]

1. Nf3 d5 2. g3 Nf6 3. Bg2 c6 4. O-O Bf5 5. d3 e6 6. Nbd2 Nbd7 7. Nh4 Bg4 8. f3
Bh5 9. g4 Bg6 10. Nxg6 hxg6 11. Qe1 Qb6+ 12. e3 Bd6 13. h3 O-O-O 14. d4 Nh7 15.
f4 Bb8 16. c4 Qc7 17. c5 g5 18. Nf3 gxf4 19. exf4 Rde8 20. Qc3 f6 21. Re1 e5
22. fxe5 fxe5 23. dxe5 Nxe5 24. Nxe5 Rxe5 25. Rxe5 Qxe5 26. Qxe5 Bxe5 27. a4
Bd4+ 28. Kh2 Bxc5 29. Bf4 Nf6 30. Kg3 Kd7 31. Re1 Bd6 32. b3 Rf8 33. Bxd6 Kxd6
34. g5 Nh5+ 35. Kg4 g6 36. h4 Rf4+ 37. Kh3 Rb4 38. Re3 Nf4+ 39. Kg3 Nxg2 40.
Kxg2 Rxh4 41. Kg3 Rh7 42. Kf2 Rh5 0-1

[Event "XV Weekend A"]
[Site "Cocquio-Trevisago ITA"]
[Date "2002.10.20"]
[Round "2"]
[White "Giordani, Marco"]
[Black "Pepa, Syrja"]
[Result "1-0"]
[WhiteElo "2097"]
[BlackElo "1684"]
[PlyCount "101"]
[EventDate "2002.10.19"]

1. d4 Nf6 2. c4 e6 3. Nc3 Bb4 4. Qc2 c5 5. dxc5 Bxc5 6. Nf3 Nc6 7. Bg5 h6 8.
Bh4 b6 9. e3 Bb7 10. Rd1 Ne7 11. Bxf6 gxf6 12. a3 Nf5 13. e4 Ng7 14. b4 Be7 15.
Be2 Qc7 16. Qd2 Rd8 17. O-O d6 18. Nd4 e5 19. Ndb5 Qb8 20. Nd5 Ne6 21. Nbc3 Nd4
22. Bh5 Qc8 23. Qd3 Rg8 24. f4 Rg7 25. fxe5 dxe5 26. Nxf6+ Kf8 27. Qe3 Rg5 28.
Nh7+ Kg8 29. Nxg5 Bxg5 30. Bxf7+ Kh8 31. Qe1 Qg4 32. Qg3 Qxg3 33. hxg3 Bc8 34.
Bh5 Be6 35. Nd5 Rc8 36. Rc1 Nb3 37. Rc2 Nd2 38. Bf7 Bg4 39. Re1 Kg7 40. Ne3
Kxf7 41. Nxg4 Ke6 42. c5 Nb3 43. Rd1 bxc5 44. bxc5 Nd4 45. Rc4 h5 46. Nh2 Rc6
47. Nf3 Be3+ 48. Kf1 Nxf3 49. gxf3 Rxc5 50. Rxc5 Bxc5 51. a4 1-0

[Event "XV Weekend A"]
[Site "Cocquio-Trevisago ITA"]
[Date "2002.10.20"]
[Round "2"]
[White "Giovannini, Gabriele"]
[Black "Della Rocca, Luigi"]
[Result "0-1"]
[WhiteElo "1462"]
[BlackElo "1645"]
[PlyCount "70"]
[EventDate "2002.10.19"]

1. e4 c5 2. Nf3 Nc6 3. d4 cxd4 4. Nxd4 Nf6 5. Nc3 g6 6. Be3 Bg7 7. Nxc6 bxc6 8.
e5 Ng8 9. Bd4 Nh6 10. e6 O-O 11. Bxg7 Kxg7 12. Qd4+ Kg8 13. Qf4 Nf5 14. exf7+
Rxf7 15. Bc4 e6 16. g4 Nh4 17. Qh6 Nf3+ 18. Kd1 Qb6 19. Qe3 Qb4 20. b3 d5 21.
a3 Qd6 22. Be2 d4 23. Qd3 Ne5 24. Ne4 Qd5 25. c4 dxc3 26. Qxd5 exd5 27. Nxc3
Bxg4 28. h3 Bxe2+ 29. Kxe2 Raf8 30. Raf1 Rf3 31. Rc1 Rxf2+ 32. Ke3 R8f4 33.
Rcd1 d4+ 34. Rxd4 R2f3+ 35. Ke2 Rxd4 0-1

[Event "XV Weekend A"]
[Site "Cocquio-Trevisago ITA"]
[Date "2002.10.20"]
[Round "2"]
[White "Strada, Stefano"]
[Black "Pedetti, Roberto"]
[Result "1-0"]
[WhiteElo "1791"]
[BlackElo "1488"]
[PlyCount "73"]
[EventDate "2002.10.19"]

1. c4 Nf6 2. Nc3 d5 3. cxd5 Nxd5 4. d4 Nxc3 5. bxc3 c5 6. e3 cxd4 7. cxd4 e5 8.
Nf3 exd4 9. Qxd4 Qxd4 10. Nxd4 Bb4+ 11. Bd2 Bxd2+ 12. Kxd2 a6 13. Bd3 Bd7 14.
Be4 Bc6 15. Nxc6 Nxc6 16. Rab1 Rd8+ 17. Ke2 Rd7 18. Rhc1 Ke7 19. Bxc6 bxc6 20.
Rxc6 Ra7 21. Rbb6 Rha8 22. a4 a5 23. Rc5 Rd7 24. Rcb5 Raa7 25. Re5+ Kd8 26.
Rbb5 Rab7 27. Rxb7 Rxb7 28. Rxa5 Kc7 29. h4 Rb2+ 30. Kf3 Kb6 31. Re5 Kc6 32.
Re7 Rb7 33. Rxb7 Kxb7 34. Ke4 Ka6 35. Kd5 Ka5 36. g4 Kxa4 37. Kd6 1-0

[Event "XV Weekend A"]
[Site "Cocquio-Trevisago ITA"]
[Date "2002.10.20"]
[Round "3"]
[White "Bernasconi, Fabio"]
[Black "Florio, Italo"]
[Result "1-0"]
[WhiteElo "1594"]
[BlackElo "1290"]
[PlyCount "39"]
[EventDate "2002.10.19"]

1. d4 Nf6 2. c4 g6 3. Nc3 Bg7 4. e4 d6 5. f4 c5 6. d5 O-O 7. Be2 a6 8. a4 a5 9.
h3 Na6 10. Nf3 Nb4 11. O-O Bd7 12. Be3 b6 13. Rc1 Kh8 14. Qe1 Qe8 15. b3 Qc8
16. Qh4 Qe8 17. Ng5 Nh5 18. Bxh5 gxh5 19. Qxh5 Bf6 20. Qxh7# 1-0

[Event "XV Weekend A"]
[Site "Cocquio-Trevisago ITA"]
[Date "2002.10.20"]
[Round "3"]
[White "Brioschi, Camillo"]
[Black "Centofante, Maria Rosa"]
[Result "1-0"]
[WhiteElo "1741"]
[BlackElo "1543"]
[PlyCount "55"]
[EventDate "2002.10.19"]

1. Nf3 Nf6 2. c4 c6 3. Nc3 e6 4. d4 d5 5. e3 Nbd7 6. Bd3 Qc7 7. e4 dxe4 8. Nxe4
Bb4+ 9. Nc3 a6 10. O-O h6 11. a3 Be7 12. Re1 O-O 13. Qe2 Re8 14. Ne5 Bd6 15.
Bf4 b6 16. Rad1 Bb7 17. Ne4 Nxe4 18. Qxe4 Nf6 19. Qe3 Bxe5 20. dxe5 Nh5 21.
Bxh6 g6 22. c5 b5 23. Bg5 a5 24. Bf6 Kh7 25. Qg5 Nxf6 26. Qh4+ Kg8 27. exf6 Qd8
28. Be2 1-0

[Event "XV Weekend A"]
[Site "Cocquio-Trevisago ITA"]
[Date "2002.10.20"]
[Round "3"]
[White "Cazzaniga, Walter"]
[Black "Piazza, Angelo"]
[Result "1-0"]
[WhiteElo "2094"]
[BlackElo "1656"]
[PlyCount "105"]
[EventDate "2002.10.19"]

1. d4 d5 2. c4 c6 3. Nf3 Nf6 4. Nc3 e6 5. Bg5 Be7 6. e3 Nbd7 7. cxd5 exd5 8.
Bd3 O-O 9. Qc2 h6 10. Bh4 Re8 11. O-O-O a5 12. h3 Ne4 13. Bxe7 Qxe7 14. Bxe4
dxe4 15. Nd2 Nf6 16. Rhe1 Bf5 17. f4 Nd5 18. Nxd5 cxd5 19. Kb1 Rac8 20. Qb3 Be6
21. Rc1 Qd7 22. g4 f5 23. gxf5 Bxf5 24. h4 a4 25. Qb4 Kh7 26. Nf1 h5 27. a3 b5
28. Qd2 Rxc1+ 29. Rxc1 Rc8 30. Rxc8 Qxc8 31. Qc2 Qd8 32. Qf2 Qc7 33. Qc2 Qd8
34. Qf2 Qc7 35. Qe2 Qc4 36. Qxc4 bxc4 37. Kc2 Bg4 38. Kc3 Kg8 39. Kb4 Bd7 40.
Ng3 Bc6 41. Kc5 Ba8 42. Kb5 Kh7 43. Kxa4 g6 44. Kb5 Kg7 45. Kb6 Kf6 46. a4 Ke6
47. Kc7 Ke7 48. a5 Ke6 49. a6 Ke7 50. a7 Ke6 51. Kb8 Bc6 52. a8=Q Bxa8 53. Kxa8
1-0

[Event "XV Weekend A"]
[Site "Cocquio-Trevisago ITA"]
[Date "2002.10.20"]
[Round "3"]
[White "Della Rocca, Luigi"]
[Black "Di Stefano, Claudio"]
[Result "1-0"]
[WhiteElo "1645"]
[BlackElo "1495"]
[PlyCount "64"]
[EventDate "2002.10.19"]

1. e4 c5 2. Nc3 d6 3. Bc4 Nc6 4. f4 Nf6 5. Nf3 h6 6. O-O Bg4 7. h3 Bxf3 8. Qxf3
e6 9. Bb5 Nd7 10. d3 Nd4 11. Qf2 Be7 12. f5 exf5 13. Bxd7+ Qxd7 14. exf5 O-O
15. Be3 Bf6 16. Nd5 Be5 17. f6 g5 18. c3 Nc6 19. d4 cxd4 20. cxd4 Rae8 21. dxe5
Rxe5 22. Ne7+ Nxe7 23. fxe7 Qxe7 24. Bxa7 f5 25. Rae1 f4 26. Bd4 Re4 27. Rxe4
Qxe4 28. Re1 Qf5 29. Re7 Rf7 30. Qe1 Qd3 31. Re8+ Kh7 32. Rh8+ Kg6 1-0

[Event "XV Weekend A"]
[Site "Cocquio-Trevisago ITA"]
[Date "2002.10.20"]
[Round "3"]
[White "Mazzella, Luigi"]
[Black "Giordani, Marco"]
[Result "0-1"]
[WhiteElo "1921"]
[BlackElo "2097"]
[PlyCount "44"]
[EventDate "2002.10.19"]

1. e4 Nf6 2. e5 Nd5 3. Bc4 Nb6 4. Bb3 c5 5. c3 c4 6. Bc2 g6 7. d4 cxd3 8. Qxd3
Nc6 9. f4 d6 10. exd6 Bf5 11. d7+ Nxd7 12. Qd1 Bxc2 13. Qxc2 Nc5 14. Ke2 Qd5
15. Nf3 Qc4+ 16. Ke3 Bh6 17. g3 e5 18. Re1 O-O 19. Kf2 Nd3+ 20. Kg2 e4 21. Re3
exf3+ 22. Kh1 f2 0-1